South Eastern Kenya University

Library Online Public Access Catalogue


What is not sacred? : (Record no. 3898)

MARC details
000 -LEADER
fixed length control field 00588nam a22002177a 4500
003 - CONTROL NUMBER IDENTIFIER
control field OSt
005 - DATE AND TIME OF LATEST TRANSACTION
control field 20150520153948.0
008 - FIXED-LENGTH DATA ELEMENTS--GENERAL INFORMATION
fixed length control field 150519b xxu||||| |||| 00| 0 eng d
020 ## - INTERNATIONAL STANDARD BOOK NUMBER
International Standard Book Number 9966888918
040 ## - CATALOGING SOURCE
Original cataloging agency SEKU
050 ## - LIBRARY OF CONGRESS CALL NUMBER
Classification number BR 128
Item number .M3
100 ## - MAIN ENTRY--PERSONAL NAME
Personal name Magesa, Laurenti
245 ## - TITLE STATEMENT
Title What is not sacred? :
Remainder of title African spirituality
260 ## - PUBLICATION, DISTRIBUTION, ETC. (IMPRINT)
Place of publication, distribution, etc. Nairobi, Kenya
Name of publisher, distributor, etc. Acton Publishers
Date of publication, distribution, etc. 2014
300 ## - PHYSICAL DESCRIPTION
Extent 220 p.
504 ## - BIBLIOGRAPHY, ETC. NOTE
Bibliography, etc Includes bibl. refs.
650 ## - SUBJECT ADDED ENTRY--TOPICAL TERM
Topical term or geographic name as entry element Christianity and other religions
Geographic subdivision African
650 ## - SUBJECT ADDED ENTRY--TOPICAL TERM
Topical term or geographic name as entry element Christianity
Geographic subdivision Africa
651 ## - SUBJECT ADDED ENTRY--GEOGRAPHIC NAME
Geographic name Africa
General subdivision Religion
942 ## - ADDED ENTRY ELEMENTS (KOHA)
Source of classification or shelving scheme Library of Congress Classification
Koha item type General circulation
Holdings
Withdrawn status Lost status Source of classification or shelving scheme Damaged status Not for loan Home library Current library Shelving location Date acquired Source of acquisition Total Checkouts Full call number Barcode Date last seen Price effective from Koha item type Public note
    Library of Congress Classification     Kitui Town Campus Library Kitui Town Campus Library General Stacks 19/05/2015 Donation-Acton Publishers   BR 128 .M3 2015/000006 19/05/2015 19/05/2015 General circulation dm
Kitui, Kenya.
+254736116989
library@seku.ac.ke